000 00430nam a2200145 4500
001 32644
090 _a32644
100 _a20260326d1962 u||y0pory50 ba
101 _apor
102 _aPT
200 _aA Direção Moderna, Princípios e Métodos
_cLa direction moderne-principes et méthodes
_fDick Carlson
205 _aEd. 3.ª
210 _aPortugal, Lisboa
_cPórtico
_d1962
215 _a223, [6] p.
_cil.
_d22 cm
700 _aCarlson
_bDick